|
|
|
|
| LEADER |
01263cam a22003371a 4500 |
| 001 |
000033114 |
| 003 |
9248 |
| 005 |
20211202085447.0 |
| 008 |
151016s2010 vm 000 vie |
| 041 |
|
|
|a VIE
|
| 082 |
|
|
|a 495.92080
|b DI-B
|
| 100 |
|
|
|a Diệp Quang Ban
|
| 245 |
|
0 |
|a Văn bản và liên kết trong tiếng Việt /
|c Diệp Quang Ban.
|
| 250 |
|
|
|a tai ban lan thu 6
|
| 260 |
|
|
|a -H :
|b Giao duc viet nam,
|c 2010.
|
| 300 |
|
|
|a 20,5cm :
|b 239tr;.
|
| 502 |
|
|
|a Van ban
|b Mach lac
|c Lien ket
|d Đoạn văn
|
| 650 |
|
|
|a Ngon ngư
|x Nhưng ngon ngu khac
|x Văn bản và liên kết trong tiếng Việt
|
| 653 |
|
|
|b Diệp Quang Ban, 2010, Văn bản, liên kết trong tiếng Việt, tiếng việt
|
| 700 |
|
|
|a bien tap:
|b Nguyen Quoc Sieu
|
| 916 |
|
|
|a Ngôn ngữ tiếng Việt
|
| OWN |
|
|
|a LNN
|
| AVA |
|
|
|a UDN50
|b LNN
|d 495.92080 DI-B
|e available
|t Error 5001 Not defined in file expand_doc_bib_avail.
|f 4
|g 0
|h N
|i 0
|k 1
|
| 999 |
|
|
|a From the UDN01
|
| AVA |
|
|
|a UDN50
|b LNN
|d 495.92080 DI-B
|e available
|t Error 5001 Not defined in file expand_doc_bib_avail.
|f 4
|g 0
|h N
|i 0
|k 1
|
| TYP |
|
|
|a Dissertation
|
| TYP |
|
|
|a Monograph
|
| 980 |
|
|
|a Mạng thư viện Đại học Đà Nẵng
|